00752pam a2200229 a 4500001000700000003000500007005001700012008004100029010001700070020001500087040001800102050002300120082002500143100002200168245006800190246003000258260004900288300002900337650003200366650002000398856010400418708455SISC20160317093942.0970409s1998 ilua 001 0 eng  a 97018518  a0844259926 aDLCcDLCdDLC00aPE 1408b.M48 199800aHS 808.4 bM545 19971 aMeriwether, Nell.10aStrategies for writing successful essays /cNell W. Meriwether.30aWriting successful essays aLincolnwood, Ill. :bNTC Pub. Group,cc1998. a216 p. :bill. ;c24 cm. 0aEnglish languagexRhetoric. 0aReport writing.423Contributor biographical informationuhttp://www.loc.gov/catdir/enhancements/fy0737/97018518-b.html